banner-ar

الارهاب بين التجريم والمرض : (Record no. 66859)

MARC details
000 -الفاتح
حقل البيانات ثابتة الطول 00642nam a2200181Ia 4500
005 - وقت وتاريخ اخر تعامل مع التسجيلة
رقم الضبط 20240530110943.0
008 - عناصر البيانات ثابتة الطول - معلومات عامة
حقل البيانات ثابتة الطول 140319s9999 xx 000 0 ara d
040 ## - مصدر الفهرسة
وكالة الفهرسة الأصلية GCL /
وكالة النسخ GCL
082 04 - رقم تصنيف ديوى العشرى
رقم التصنيف 364.143
رقم المادة م إ
100 1# - المدخل الرئيسى - إسم شخصى
الإسم الشخصى محمد يسرى ابراهيم دعبس
245 10 - بيان العنوان
العنوان الارهاب بين التجريم والمرض :
بقية العنوان رؤية فى انثروبولوجيا الجريمة /
بيان المسئوليه,etc محمد يسرى ابراهيم دعبس
260 ## - PUBLICATION, DISTRIBUTION, ETC. (IMPRINT)
تاريخ النشر أو التوزيع 1994
300 ## - الوصف المادى
التعداد 131 ص
490 ## - بيان السلسلة
عنوان السلسلة علم الانسان وقضايا المجتمع
رقم المجلد/ التعيين التسلسلي 0
650 04 - المدخل الاضافى بالموضوع-مصطلح موضوعى
مصطلح موضوعي الارهاب
942 ## - عناصر المدخل الإضافي( كوها)
مصدر التصنيف او مخطط الترفيف Dewey Decimal Classification
Koha [default] item type كتاب
260 ## - PUBLICATION, DISTRIBUTION, ETC. (IMPRINT)
-- القاهرة :
-- المؤلف،
Holdings
حالة التراجع حالة الفقد مصدر التصنيف او خطة الترفيف حالة تلف ليس للاعارة المكان المؤقت الموقع الحالى تاريخ الاكتساب اجمالي اﻻعارات رقم الطلب الباركود تاريخ اخر مشاهدة تاريخ تفعيل السعر نوع وعاء كوها
    ddc     مكتبة القاهرة الكبرى مكتبة القاهرة الكبرى 11/12/2022   364.143 م إ 168826 11/12/2022 11/12/2022 كتاب
    ddc     مكتبة القاهرة الكبرى مكتبة القاهرة الكبرى 11/12/2022   364.143 م إ 168827 11/12/2022 11/12/2022 كتاب

Powered By

EGPV